000 00821cam a22002174a 4500
020 _a0072847700 (alk. paper)
020 _a007121514X (international : alk. paper)
050 0 0 _aHD 30.28
_b.T54 2004
100 1 _aThompson, Arthur A.,
_d1940-
245 1 0 _aStrategy :
_bwinning in the marketplace : core concepts, analytical tools, cases /
_cArthur A. Thompson, Jr., John E. Gamble, A.J. Strickland III.
260 _aBoston, Mass. :
_bMcGraw-Hill,
_cc2004.
300 _a (various pagings) :
500 _aIncludes indexes.
650 0 _xManagement.
650 0 _vCase studies.
700 1 _aGamble, John
700 1 _aStrickland, A. J.
856 4 2 _uhttp://www.loc.gov/catdir/enhancements/fy0702/2003048765-d.html
856 4 1 _uhttp://www.loc.gov/catdir/enhancements/fy0702/2003048765-t.html
942 _2lcc
_cGEN
999 _c7454
_d7454